Airbrush painting : (Record no. 23743)
[ view plain ]
| 000 -LEADER | |
|---|---|
| fixed length control field | 00935cam a2200265 a 4500 |
| 001 - CONTROL NUMBER | |
| control field | 2334631 |
| 005 - DATE AND TIME OF LATEST TRANSACTION | |
| control field | 20170127094759.0 |
| 008 - FIXED-LENGTH DATA ELEMENTS--GENERAL INFORMATION | |
| fixed length control field | 830622s1983 mauaf b 001 0 eng |
| 010 ## - LIBRARY OF CONGRESS CONTROL NUMBER | |
| LC control number | 82073301 |
| 020 ## - INTERNATIONAL STANDARD BOOK NUMBER | |
| International Standard Book Number | 0871921383 |
| 040 ## - CATALOGING SOURCE | |
| Original cataloging agency | DLC |
| Transcribing agency | DLC |
| Modifying agency | DLC |
| 050 00 - LIBRARY OF CONGRESS CALL NUMBER | |
| Classification number | NC915 |
| Item number | .A35F84 1983 |
| 100 1# - MAIN ENTRY--PERSONAL NAME | |
| Personal name | Fullner, Norman. |
| 245 10 - TITLE STATEMENT | |
| Title | Airbrush painting : |
| Remainder of title | art, techniques, & projects / |
| Statement of responsibility, etc. | Norman Fullner ; photography by Chester Przelomiec. |
| 260 ## - PUBLICATION, DISTRIBUTION, ETC. (IMPRINT) | |
| Place of publication, distribution, etc. | Worcester, Mass. : |
| Name of publisher, distributor, etc. | Davis Publications, |
| Date of publication, distribution, etc. | c1983. |
| 300 ## - PHYSICAL DESCRIPTION | |
| Extent | xi, 180 p., [16] p. of plates : |
| Other physical details | ill. (some col.) ; |
| Dimensions | 26 cm. |
| 500 ## - GENERAL NOTE | |
| General note | Includes indexes. |
| 504 ## - BIBLIOGRAPHY, ETC. NOTE | |
| Bibliography, etc | Bibliography: p. 177. |
| 650 #0 - SUBJECT ADDED ENTRY--TOPICAL TERM | |
| Topical term or geographic name as entry element | Airbrush painting. |
| 700 1# - ADDED ENTRY--PERSONAL NAME | |
| Personal name | Przelomiec, Chester. |
| 942 ## - ADDED ENTRY ELEMENTS (KOHA) | |
| Source of classification or shelving scheme | |
| Koha item type | Hard Covered Materials |
| Classification part | NC915 .A35F84 1983 |
| Withdrawn status | Lost status | Source of classification or shelving scheme | Damaged status | Not for loan | Home library | Current library | Shelving location | Date acquired | Source of acquisition | Total Checkouts | Full call number | Barcode | Date last seen | Price effective from | Koha item type |
|---|---|---|---|---|---|---|---|---|---|---|---|---|---|---|---|
| MACHAKOS UNIVERSITY LIBRARY | MACHAKOS UNIVERSITY LIBRARY | Technical section | 27/01/2017 | Donation(BFA) | NC915 .A35F84 1983 | 29466 | 31/05/2018 | 27/01/2017 | Hard Covered Materials |